| 000 | 00864nam a22002417a 4500 | ||
|---|---|---|---|
| 999 |
_c4123 _d4123 |
||
| 003 | AR-CdUCM | ||
| 008 | 190308b ||||| |||| 00| 0 spa d | ||
| 020 | _a8432928216 | ||
| 040 |
_aMUNICIPALIDAD PROVINCIAL DEL CUSCO _cBIBLIOTECA MUNICIPAL DEL CUSCO |
||
| 082 |
_218ed. _a728.1 / _bR74 |
||
| 100 |
_aRodriguez, Anselmo _913062 |
||
| 245 | _a164 modelos de planos de plantas / | ||
| 260 |
_aEspaña : _bCEAC, _c1980. |
||
| 300 |
_a203 paginas ; _bplanos, _c21 cm. |
||
| 440 |
_aMonografías CEAC de construcción _913063 |
||
| 505 | _aViviendas mínimas de una a dos plantas -- Apartamento viviendas mínimas -- Viviendas con fachadas anterior y posterior y superficie menor... | ||
| 650 |
_aPlanos. _913064 |
||
| 650 |
_aViviendas. _913065 |
||
| 650 |
_aFachadas. _913066 |
||
| 650 |
_aArquitectura. _93356 |
||
| 942 |
_2ddc _cLIBROS |
||
| 945 |
_awfj _d2019-03-08 |
||